00222nam a22000977a 4500003000400000082001400004100001400018245004800032260003600080300000800116SGT a820bT12R aRAO, RAMA aTHE PEN AS MY SWORD: MEMORIES OF JOURNALIST bNAVJIVAN PUBLISHING HOUSEc2012 a343